000 00494nam a2200169Ia 4500
999 _c30961
_d30961
003 OSt
005 20211106101333.0
008 190216s9999||||xx |||||||||||||| ||und||
040 _coclc
082 _a512.24
_bGOP/C
100 _aGopalakrishnan, N S
_98887
245 0 _aCommunicative Algebra /
_cN S Gopalakrishnan
260 _bOxonian Press Pvt Ltd,
_c1984.
_aNew Delhi:
300 _a290p
650 _aMathematics
942 _cBK
_2ddc
_h512.24
_iGOP/C
_k512.24
_mGOP/C